000
00271nam a2200121Ia 4500
008
190216s9999||||xx |||||||||||||| ||und||
100
_a
Kumara Pillai G
245
0
_a
Kavitha
260
_b
National Book Stall
_c
1978
300
_a
67p
650
_a
Kavithkal
942
_c
BK
999
_c
24740
_d
24740